| 000 | 00584nam a2200205Ia 4500 | ||
|---|---|---|---|
| 003 | GCL | ||
| 008 | 140319s9999 xx 000 0 ara d | ||
| 040 |
_aGCL / _cGCL |
||
| 082 | 0 | 4 |
_aد _b050 _bام |
| 100 | 1 | _aالمجلس الاعلى للثقافة | |
| 245 | 1 | 0 |
_aالمسرح / _cالمجلس الاعلى للثقافة |
| 300 | _aمتعدد | ||
| 650 | 0 | 4 | _aالمسرح |
| 650 | 0 | 4 | _aالثقافة |
| 650 | 0 | 4 | _aدوريات |
| 650 | 0 | 4 | _aالمسرح - نقد |
| 650 | 0 | 4 | _aالمسرح - تاريخ ونقد |
| 650 | 0 | 4 | _aالمسرح - تاريخ |
| 942 |
_2ddc _cCF |
||
| 999 |
_c27105 _d27105 |
||